000
00265nam a2200109Ia 4500
005
20251222152623.0
008
251222s9999||||xx |||||||||||||| ||spa||
020
_a
848964604X
082
_a
346.460/F89
245
0
_a
El Proceso de Ejecución Hipotecaria
942
_c
LIB
999
_c
27437
_d
27437